Incredibly small / (Record no. 13465)

000 -LEADER
fixed length control field 00664pam a2200205 a 4500
020 ## - INTERNATIONAL STANDARD BOOK NUMBER
ISBN 0027164551
040 ## - CATALOGING SOURCE
Transcribing agency DLC
082 00 - DEWEY DECIMAL CLASSIFICATION NUMBER
Classification number 574 NEW 1993 A025 Or.
100 1# - MAIN ENTRY--AUTHOR NAME
Personal name Canault, Nina.
245 10 - TITLE STATEMENT
Title Incredibly small /
250 ## - EDITION STATEMENT
Edition statement 1st ed.
260 ## - PUBLICATION, DISTRIBUTION, ETC. (IMPRINT)
Place of publication New York :
Name of publisher New Discovery Books ;
Place of publication Toronto :
Name of publisher Maxwell Macmillan Canada ;
Place of publication New York :
Name of publisher Maxwell Macmillan International,
Year of publication c1993.
300 ## - PHYSICAL DESCRIPTION
Number of Pages 46 p. :
Other physical details col. ill. ;
Dimensions 29 cm.
520 ## - SUMMARY, ETC.
Summary, etc Provides a look at all sorts of things that can be seen only through microscopes.
650 #0 - SUBJECT ADDED ENTRY--TOPICAL TERM
Topical Term Ultrastructure (Biology)
650 #0 - SUBJECT ADDED ENTRY--TOPICAL TERM
Topical Term Microstructure
650 #1 - SUBJECT ADDED ENTRY--TOPICAL TERM
Topical Term Microscopes.
650 #1 - SUBJECT ADDED ENTRY--TOPICAL TERM
Topical Term Microscopy.
942 ## - ADDED ENTRY ELEMENTS (KOHA)
Koha item type សៀវភៅភាសាអង់គ្លេស
952 ## - LOCATION AND ITEM INFORMATION (KOHA)
Withdrawn status [LOCAL, KOHA] 0
Holdings
Permanent Location Date acquired Koha item type Lost status Shelving location Barcode Current Location Full call number
Library Block A2017-08-26សៀវភៅភាសាអង់គ្លេស A025A18515Library Block A574 NEW 1993 A025 Or.
មជ្ឈមណ្ឌលឯការនៃសាកលវិទ្យាល័យភូមិន្ទកសិកម្មចំការដូង

Powered by Koha